[Event "III Open A"]
[Site "Omegna ITA"]
[Date "2015.08.08"]
[Round "2"]
[White "Brugo, Marco"]
[Black "Bini, Massimo"]
[Result "1-0"]
[WhiteElo "2115"]
[BlackElo "2000"]
[PlyCount "83"]
[EventDate "2015.08.07"]

1. d4 d5 2. c4 Bf5 3. cxd5 Bxb1 4. Qa4+ c6 5. Rxb1 Qxd5 6. Nf3 Nd7 7. b4 e6 8.
Qc2 Ngf6 9. e3 Nb6 10. Bd3 h6 11. O-O Rc8 12. a4 Qd8 13. e4 Be7 14. Be3 O-O 15.
Rfc1 Nbd7 16. Qd2 Re8 17. h3 Bf8 18. Bf4 Nh5 19. Bh2 Nhf6 20. Bc2 Be7 21. Qd3
Nf8 22. Rd1 Qd7 23. Ne5 Qd8 24. Nc4 Qd7 25. f4 Qd8 26. Ne3 Ng6 27. f5 exf5 28.
Nxf5 Bf8 29. Qf3 Nh7 30. e5 Nh4 31. Nxh4 Qxh4 32. Bxh7+ Kxh7 33. Qxf7 Re7 34.
Qf4 Qh5 35. Qe4+ Kh8 36. b5 Rd7 37. bxc6 bxc6 38. Rdc1 a5 39. Qf4 Rd5 40. Rxc6
Rcd8 41. Rc4 Bb4 42. Rbc1 1-0

[Event "III Open A"]
[Site "Omegna ITA"]
[Date "2015.08.08"]
[Round "2"]
[White "Formento, Paolo"]
[Black "Finocchiaro, Gianluca"]
[Result "1/2-1/2"]
[WhiteElo "2214"]
[BlackElo "2017"]
[PlyCount "53"]
[EventDate "2015.08.07"]

1. Nf3 d6 2. d4 Bg4 3. e4 Nf6 4. Nc3 c6 5. a4 e6 6. Bg5 Be7 7. Be2 d5 8. e5
Nfd7 9. Bxe7 Qxe7 10. O-O O-O 11. Ne1 Bxe2 12. Nxe2 c5 13. Ra3 cxd4 14. f4 Nc6
15. Rh3 f6 16. exf6 Qxf6 17. Nf3 Rac8 18. Nfxd4 Nc5 19. Nxc6 bxc6 20. Qd4 Ne4
21. Qxf6 Rxf6 22. Rd1 Rcf8 23. Rf3 g5 24. Nd4 g4 25. Rff1 c5 26. Nc6 g3 27. Rf3
1/2-1/2

[Event "III Open A"]
[Site "Omegna ITA"]
[Date "2015.08.08"]
[Round "2"]
[White "Minerva, Enzo"]
[Black "Erdelyi, Tamas"]
[Result "1/2-1/2"]
[WhiteElo "1988"]
[BlackElo "2088"]
[PlyCount "30"]
[EventDate "2015.08.07"]

1. e4 c5 2. Nf3 e6 3. d3 d6 4. g3 Nc6 5. Bg2 Nf6 6. O-O Be7 7. b3 O-O 8. Bb2
Rb8 9. e5 Ne8 10. d4 cxd4 11. exd6 Nxd6 12. Nxd4 Nxd4 13. Bxd4 b6 14. c4 Bb7
15. Nc3 Bxg2 1/2-1/2

[Event "III Open A"]
[Site "Omegna ITA"]
[Date "2015.08.08"]
[Round "2"]
[White "Vincenzi, Marco"]
[Black "Cripotos, Demetrio"]
[Result "1-0"]
[WhiteElo "2083"]
[BlackElo "1835"]
[PlyCount "49"]
[EventDate "2015.08.07"]

1. d4 d5 2. c4 c6 3. Nf3 Nf6 4. Nc3 e6 5. g3 Bd6 6. Bg2 Nbd7 7. O-O O-O 8. Qc2
h6 9. e4 dxe4 10. Nxe4 Nxe4 11. Qxe4 Nf6 12. Qe2 Re8 13. Rd1 Bb8 14. Ne5 Qe7
15. b3 Nd7 16. a4 Nxe5 17. dxe5 Qc7 18. Bb2 a5 19. c5 Ba7 20. Rac1 Qe7 21. Rd6
Bd7 22. Rcd1 Red8 23. Qd2 Kh7 24. Rxd7 Qxc5 25. Qe2 1-0

[Event "III Open A"]
[Site "Omegna ITA"]
[Date "2015.08.08"]
[Round "2"]
[White "Leuthold, Cyrill"]
[Black "Campini, Marco"]
[Result "1/2-1/2"]
[WhiteElo "1810"]
[BlackElo "2055"]
[PlyCount "39"]
[EventDate "2015.08.07"]

1. c4 c5 2. Nf3 Nc6 3. Nc3 g6 4. g3 Bg7 5. Bg2 Nf6 6. d4 cxd4 7. Nxd4 O-O 8.
O-O Nxd4 9. Qxd4 d6 10. Qd3 Rb8 11. c5 dxc5 12. Qxd8 Rxd8 13. Bf4 Ra8 14. Rfd1
Rf8 15. Na4 Nd7 16. Rac1 Re8 17. Nxc5 Nxc5 18. Rxc5 e5 19. Bc1 Be6 20. Bxb7
1/2-1/2

[Event "III Open A"]
[Site "Omegna ITA"]
[Date "2015.08.08"]
[Round "3"]
[White "Bardone, Lorenzo"]
[Black "Paleologu, Vladimir"]
[Result "1-0"]
[WhiteElo "2192"]
[BlackElo "2080"]
[PlyCount "121"]
[EventDate "2015.08.07"]

1. e4 d6 2. d4 Nf6 3. Nc3 Nbd7 4. Nf3 e5 5. Bc4 Be7 6. O-O c6 7. a4 Qc7 8. Qe2
h6 9. h3 Nf8 10. Be3 g5 11. dxe5 dxe5 12. Nh2 Ng6 13. Rfd1 Rh7 14. a5 Bb4 15.
Na4 Bxa5 16. Nc5 Bb6 17. b4 Qe7 18. Na4 Bxe3 19. Qxe3 a6 20. Nb6 Rb8 21. c3 Nf4
22. Nf1 N6h5 23. Ng3 Ng7 24. Rd2 g4 25. Nxc8 Rxc8 26. hxg4 Qg5 27. Rad1 Qxg4
28. Qb6 Nge6 29. Qxb7 Ng5 30. Bxa6 Nxe4 31. Qxc8+ Qxc8 32. Bxc8 Nxd2 33. Rxd2
Rg7 34. Bd7+ Kd8 35. Bxc6+ Kc7 36. Bf3 Rg5 37. c4 f5 38. c5 e4 39. Be2 h5 40.
Bf1 h4 41. Ne2 Nh3+ 42. Kh2 Nxf2 43. Nd4 Ng4+ 44. Kg1 Kc8 45. Ne6 Rg6 46. Rd8+
Kb7 47. Nf4 Rg7 48. Bb5 Ne5 49. Re8 Nf3+ 50. Kf2 Nd4 51. Bc4 Nc2 52. Bd5+ Ka6
53. Ra8+ Kb5 54. Rb8+ Ka4 55. c6 Nxb4 56. Rb7 Rg3 57. c7 Rc3 58. Ra7+ Kb5 59.
Rb7+ Ka5 60. Be6 Rc2+ 61. Kg1 1-0

[Event "III Open A"]
[Site "Omegna ITA"]
[Date "2015.08.08"]
[Round "3"]
[White "Siclari, Giovanni"]
[Black "Brugo, Marco"]
[Result "1/2-1/2"]
[WhiteElo "2090"]
[BlackElo "2115"]
[PlyCount "33"]
[EventDate "2015.08.07"]

1. Nf3 d5 2. d4 Nf6 3. c4 c6 4. Nc3 a6 5. c5 Nbd7 6. Bf4 Nh5 7. e3 g6 8. Bd3
Bg7 9. O-O O-O 10. Bg5 Re8 11. e4 dxe4 12. Bxe4 Ndf6 13. Bc2 Be6 14. Qd2 Bd7
15. Rfe1 Rc8 16. h3 Nd5 17. Rad1 1/2-1/2

[Event "III Open A"]
[Site "Omegna ITA"]
[Date "2015.08.08"]
[Round "3"]
[White "Pelagatti, Alessandro"]
[Black "Medici, Simone"]
[Result "0-1"]
[WhiteElo "2146"]
[BlackElo "2111"]
[PlyCount "92"]
[EventDate "2015.08.07"]

1. d4 d5 2. c4 e6 3. Nf3 Nf6 4. Nc3 c6 5. g3 Nbd7 6. Bg2 Bd6 7. O-O O-O 8. Qd3
Re8 9. Rd1 b6 10. e4 dxe4 11. Nxe4 Nxe4 12. Qxe4 Bb7 13. Be3 Qc7 14. c5 Bf8 15.
Rac1 Nf6 16. Qe5 Qc8 17. h3 Nd5 18. Qe4 f6 19. a3 b5 20. Re1 Qd7 21. Qc2 a5 22.
Rcd1 a4 23. Bd2 Qf7 24. Bf1 Bc8 25. Bd3 g6 26. Kg2 Bg7 27. Re2 Ra7 28. Rde1 Qf8
29. Bc1 Bh6 30. Bxh6 Qxh6 31. Qd2 Qg7 32. Qc1 Qd7 33. Qh6 Qg7 34. Qc1 Rd8 35.
Bb1 g5 36. Kh2 Qh6 37. Nh4 Qh5 38. Ng2 e5 39. dxe5 Bxh3 40. Kg1 Re8 41. Qc2 Qf3
42. Ne3 Rxe5 43. Ba2 Rae7 44. Bxd5+ cxd5 45. c6 d4 46. c7 Re8 0-1

[Event "III Open A"]
[Site "Omegna ITA"]
[Date "2015.08.08"]
[Round "3"]
[White "Palozza, Christian"]
[Black "Boschetti, Claudio"]
[Result "0-1"]
[WhiteElo "2064"]
[BlackElo "2140"]
[PlyCount "100"]
[EventDate "2015.08.07"]

1. d4 Nf6 2. Nc3 d5 3. Bg5 Nbd7 4. e3 e6 5. a3 c5 6. f4 cxd4 7. exd4 a6 8. Nf3
Qa5 9. Bd3 h6 10. Bxf6 Nxf6 11. O-O Be7 12. Qd2 Qb6 13. Rab1 O-O 14. Kh1 Rd8
15. Ne2 Ne4 16. Qe3 f5 17. c3 Bd7 18. Ne5 Be8 19. Ng3 Bf6 20. Bxe4 dxe4 21. Nc4
Qc7 22. Nd2 Rac8 23. Ne2 Qb6 24. Rf2 Bb5 25. Nc1 Ba4 26. Nf1 g5 27. Qg3 Rxc3
28. bxc3 Qxb1 29. Ne2 Bb5 30. Kg1 g4 31. Qe3 Qd3 32. Qxd3 exd3 33. Nc1 Rc8 34.
Na2 Bc4 35. Nc1 Bd5 36. Nxd3 Rxc3 37. Ne5 Rxa3 38. Rc2 Bxe5 39. dxe5 Ra2 40.
Rxa2 Bxa2 41. Kf2 Kf7 42. Ke3 Ke7 43. Kd4 Kd7 44. g3 Kc6 45. Ne3 a5 46. Nc2 b5
47. Ne3 b4 48. Nd1 a4 49. Nb2 a3 50. Nd3 Kb5 0-1

[Event "III Open A"]
[Site "Omegna ITA"]
[Date "2015.08.08"]
[Round "3"]
[White "Cirabisi, Federico"]
[Black "Formento, Paolo"]
[Result "0-1"]
[WhiteElo "1977"]
[BlackElo "2214"]
[PlyCount "56"]
[EventDate "2015.08.07"]

1. e4 e6 2. d3 d5 3. Nd2 Nf6 4. g3 dxe4 5. dxe4 Nc6 6. Bg2 Bc5 7. h3 O-O 8. Ne2
e5 9. O-O Be6 10. c3 a5 11. Qc2 Qd7 12. Nf3 Bxh3 13. Bg5 Bxg2 14. Kxg2 Qe6 15.
Rh1 Ng4 16. Raf1 Qxa2 17. Rh4 Qe6 18. Bc1 h6 19. Nh2 Nxh2 20. Rxh2 f5 21. f3 a4
22. Rfh1 Qb3 23. Qxb3+ axb3 24. exf5 Rxf5 25. g4 Rff8 26. Bxh6 gxh6 27. Rxh6
Rfd8 28. R1h3 Rd2 0-1

[Event "III Open A"]
[Site "Omegna ITA"]
[Date "2015.08.08"]
[Round "3"]
[White "Erdelyi, Tamas"]
[Black "Bini, Massimo"]
[Result "1-0"]
[WhiteElo "2088"]
[BlackElo "2000"]
[PlyCount "89"]
[EventDate "2015.08.07"]

1. c4 c6 2. Qa4 e6 3. Nf3 d5 4. d4 Nd7 5. cxd5 exd5 6. Nc3 Ngf6 7. Bg5 Be7 8.
e3 O-O 9. Bd3 Re8 10. O-O Nf8 11. b4 b5 12. Qb3 Bb7 13. a4 a6 14. Ne5 N6d7 15.
Bxe7 Qxe7 16. Nxd7 Nxd7 17. e4 Nf6 18. exd5 bxa4 19. Rxa4 Nxd5 20. Nxd5 cxd5
21. g3 Qf6 22. Qb2 g6 23. Rfa1 Re6 24. b5 Rb6 25. Qe2 Re6 26. Qf1 a5 27. Qd1 h5
28. Bf1 h4 29. Bh3 Re7 30. Kg2 Ree8 31. Qf3 Qg5 32. Rxa5 Re4 33. Qd1 hxg3 34.
hxg3 Kg7 35. Ra7 Re7 36. Qg4 Qf6 37. Qf3 Qg5 38. Qf4 Qxf4 39. gxf4 Kf6 40. Kg3
Rh8 41. b6 g5 42. fxg5+ Kxg5 43. Rc1 Rb8 44. Rc7 Kf6 45. Bg4 1-0

[Event "III Open A"]
[Site "Omegna ITA"]
[Date "2015.08.08"]
[Round "3"]
[White "Campini, Marco"]
[Black "Minerva, Enzo"]
[Result "1-0"]
[WhiteElo "2055"]
[BlackElo "1988"]
[PlyCount "107"]
[EventDate "2015.08.07"]

1. e4 e5 2. Nc3 Nf6 3. f4 Bb4 4. Nf3 exf4 5. e5 Qe7 6. Qe2 Bxc3 7. bxc3 Nd5 8.
Qe4 Nf6 9. Qe2 Nd5 10. c4 Nb4 11. d4 d6 12. c3 N4a6 13. exd6 Qxe2+ 14. Bxe2 O-O
15. Bxf4 c5 16. Rb1 Re8 17. Kf2 cxd4 18. cxd4 Nd7 19. Bd3 Nb6 20. Nd2 Bd7 21.
Rhc1 Rad8 22. Ne4 Rc8 23. Ng5 h6 24. Nf3 g5 25. Bd2 Rb8 26. Ba5 f6 27. Bxb6
axb6 28. Rxb6 Bc6 29. Bf5 Kf8 30. d5 Ba4 31. c5 h5 32. Nd4 Re5 33. Be6 Ke8 34.
Rcb1 Nxc5 35. Nf3 Nd3+ 36. Kf1 Re3 37. Rxb7 Rd8 38. Re7+ Kf8 39. Rf7+ Ke8 40.
Re7+ Kf8 41. Rbb7 Rxd6 42. Rh7 Bd7 43. Rf7+ Ke8 44. Rb8+ Bc8 45. Rxc8+ Rd8 46.
Rxd8+ Kxd8 47. Rxf6 g4 48. d6 Ke8 49. d7+ Ke7 50. Rf7+ Kxe6 51. d8=Q Kxf7 52.
Qd7+ Kf8 53. Qd8+ Kf7 54. Qxd3 1-0

[Event "III Open A"]
[Site "Omegna ITA"]
[Date "2015.08.08"]
[Round "3"]
[White "Finocchiaro, Gianluca"]
[Black "Leuthold, Cyrill"]
[Result "1-0"]
[WhiteElo "2017"]
[BlackElo "1810"]
[PlyCount "89"]
[EventDate "2015.08.07"]

1. e4 e6 2. d4 d5 3. e5 c5 4. Qg4 Nc6 5. Nf3 cxd4 6. Bd3 Qc7 7. Bf4 Nge7 8. O-O
Bd7 9. c3 Qb6 10. b3 Ng6 11. cxd4 Nb4 12. Bxg6 hxg6 13. Nc3 Rc8 14. Bd2 Be7 15.
a3 Na6 16. b4 Nc7 17. Rfc1 Nb5 18. Na4 Qd8 19. Nc5 b6 20. Nxd7 Qxd7 21. a4
Rxc1+ 22. Rxc1 Na3 23. b5 Nc4 24. Bg5 Bxg5 25. Nxg5 Qe7 26. h4 Qa3 27. Re1 Qb4
28. Rd1 Qe7 29. Rd3 Rf8 30. Qf4 Nb2 31. Rf3 Nc4 32. Qg4 Nb2 33. Rc3 Nc4 34. h5
gxh5 35. Qxh5 g6 36. Qh6 Qb4 37. Nh7 Qxc3 38. Qxf8+ Kd7 39. Qxf7+ Kc8 40. Qxe6+
Kc7 41. Nf6 Qc1+ 42. Kh2 Qf4+ 43. Kh3 Qh6+ 44. Kg3 Qg5+ 45. Qg4 1-0

[Event "III Open A"]
[Site "Omegna ITA"]
[Date "2015.08.09"]
[Round "4"]
[White "Vezzosi, Paolo"]
[Black "Bardone, Lorenzo"]
[Result "1/2-1/2"]
[WhiteElo "2347"]
[BlackElo "2192"]
[PlyCount "87"]
[EventDate "2015.08.07"]

1. c4 c5 2. Nc3 Nc6 3. f4 e6 4. e4 g6 5. Nf3 Bg7 6. g3 d6 7. Bg2 Nge7 8. O-O
O-O 9. d3 a6 10. Rb1 b5 11. Be3 Nd4 12. Ne2 Nec6 13. e5 Nf5 14. Bf2 Rb8 15. g4
Nfd4 16. cxb5 axb5 17. Nexd4 Nxd4 18. Nxd4 cxd4 19. Qe2 dxe5 20. fxe5 Bb7 21.
Bxb7 Rxb7 22. Qe4 Rd7 23. Rbc1 Rd5 24. Bg3 Qg5 25. Rfe1 h5 26. h3 hxg4 27. hxg4
Qd2 28. Qe2 Bh6 29. Rc2 Qe3+ 30. Kg2 Qxe2+ 31. Rexe2 Ra8 32. a3 Be3 33. Kf3 g5
34. Rc6 b4 35. axb4 Rb8 36. Rc4 Rdb5 37. Rec2 Rxb4 38. Rxb4 Rxb4 39. Ke4 Kg7
40. Bf2 Bxf2 41. Rxf2 Kg6 42. Rf6+ Kg7 43. Rf2 Kg6 44. Rf6+ 1/2-1/2

[Event "III Open A"]
[Site "Omegna ITA"]
[Date "2015.08.09"]
[Round "4"]
[White "Migliorini, Matteo"]
[Black "Cereda, Loris"]
[Result "1/2-1/2"]
[WhiteElo "2183"]
[BlackElo "2225"]
[PlyCount "55"]
[EventDate "2015.08.07"]

1. e4 e5 2. Nf3 Nc6 3. Bb5 a6 4. Ba4 Nf6 5. O-O Be7 6. d3 b5 7. Bb3 d6 8. a3
Bg4 9. Be3 Na5 10. Ba2 c5 11. Nc3 Rc8 12. Nd5 Nxd5 13. Bxd5 Be6 14. Nd2 Bxd5
15. exd5 O-O 16. b4 Nb7 17. f4 f5 18. c4 exf4 19. Bxf4 Bf6 20. Rb1 Bd4+ 21. Kh1
Qd7 22. Nf3 Bf6 23. Ng5 Bxg5 24. Bxg5 Rce8 25. Qd2 Re5 26. Bf4 Re7 27. Bg5 Re5
28. Bf4 1/2-1/2

[Event "III Open A"]
[Site "Omegna ITA"]
[Date "2015.08.09"]
[Round "4"]
[White "Boschetti, Claudio"]
[Black "Quirico, Paolo"]
[Result "1-0"]
[WhiteElo "2140"]
[BlackElo "2110"]
[PlyCount "67"]
[EventDate "2015.08.07"]

1. e4 e6 2. d3 d5 3. Nd2 c5 4. Ngf3 Bd6 5. c3 Nc6 6. Be2 Nge7 7. O-O O-O 8. Re1
Bd7 9. a4 a6 10. Bf1 Qc7 11. g3 b5 12. axb5 axb5 13. Rxa8 Rxa8 14. Bg2 Rb8 15.
Nh4 g5 16. Nhf3 f6 17. d4 cxd4 18. cxd4 Ng6 19. exd5 exd5 20. Qb3 Nce7 21. Ne4
Kg7 22. Nxf6 Kxf6 23. Bxg5+ Kg7 24. Rc1 Qd8 25. Qd3 Nf5 26. Qb3 Qg8 27. g4 Nfe7
28. Ne5 Be6 29. Qh3 Bxe5 30. dxe5 Rc8 31. Rd1 Rc4 32. f4 Nxe5 33. Qh6+ Kf7 34.
Qf6+ 1-0

[Event "III Open A"]
[Site "Omegna ITA"]
[Date "2015.08.09"]
[Round "4"]
[White "Brugo, Marco"]
[Black "Paleologu, Vladimir"]
[Result "0-1"]
[WhiteElo "2115"]
[BlackElo "2080"]
[PlyCount "58"]
[EventDate "2015.08.07"]

1. d4 d6 2. e4 Nf6 3. Nc3 Nbd7 4. Nf3 e5 5. Bc4 Be7 6. O-O c6 7. a4 Qc7 8. Re1
h6 9. h3 g5 10. a5 Nf8 11. a6 b5 12. Bb3 Ng6 13. d5 b4 14. Na2 c5 15. c3 bxc3
16. Nxc3 Rb8 17. Ba4+ Kf8 18. Bb5 Kg7 19. Qd3 Nh5 20. Ne2 Bf6 21. b3 Nhf4 22.
Nxf4 exf4 23. Ra2 Ne5 24. Nxe5 Bxe5 25. Bb2 Bxb2 26. Rxb2 Qa5 27. Rbe2 Qxb5 28.
Qc3+ Kh7 29. e5 Qxb3 0-1

[Event "III Open A"]
[Site "Omegna ITA"]
[Date "2015.08.09"]
[Round "4"]
[White "Medici, Simone"]
[Black "Siclari, Giovanni"]
[Result "1-0"]
[WhiteElo "2111"]
[BlackElo "2090"]
[PlyCount "143"]
[EventDate "2015.08.07"]

1. e4 c5 2. b3 Nc6 3. Bb2 a6 4. Nf3 e6 5. c4 Qc7 6. Nc3 Nf6 7. g3 Rb8 8. Bg2 b5
9. d3 Be7 10. O-O O-O 11. Re1 d6 12. Rc1 b4 13. Ne2 e5 14. h3 Ne8 15. Nh2 g6
16. g4 Bg5 17. Rc2 Ng7 18. Bc1 Bxc1 19. Qxc1 Ne6 20. f4 Ncd4 21. Nxd4 cxd4 22.
f5 Nf4 23. Bf1 Bd7 24. Nf3 f6 25. Kh2 g5 26. h4 h6 27. Kg3 a5 28. Rh2 Kg7 29.
Be2 Rh8 30. Reh1 Rbe8 31. Qd2 Bc6 32. Kf2 Qb6 33. Kg3 Qc7 34. Kf2 Bb7 35. Bf1
Qe7 36. Kg3 Qf7 37. Ne1 Qd7 38. hxg5 hxg5 39. Rxh8 Rxh8 40. Rxh8 Kxh8 41. Qh2+
Qh7 42. Qxh7+ Kxh7 43. Nc2 Kg7 44. a3 bxa3 45. Nxa3 Kf7 46. Kf2 Ke7 47. Ke1 Bc6
48. Kd2 Kd7 49. Kc2 Kc7 50. Kb2 Kb6 51. Nc2 Kc5 52. Ka3 Bxe4 53. dxe4 d3 54.
Bxd3 Nxd3 55. Ka4 Kb6 56. Ne3 Nc5+ 57. Ka3 Nxe4 58. Nd5+ Kc6 59. Ka4 Nc5+ 60.
Kxa5 Nxb3+ 61. Kb4 Nd2 62. Nxf6 Nf3 63. Kc3 Kc7 64. Kd3 Kd8 65. Ke3 Ne1 66. Ne4
Ke7 67. Nxg5 Ng2+ 68. Ke4 Nf4 69. Nf3 Nh3 70. g5 Nf2+ 71. Kd5 Nd1 72. f6+ 1-0

[Event "III Open A"]
[Site "Omegna ITA"]
[Date "2015.08.09"]
[Round "4"]
[White "Formento, Paolo"]
[Black "Campini, Marco"]
[Result "1-0"]
[WhiteElo "2214"]
[BlackElo "2055"]
[PlyCount "95"]
[EventDate "2015.08.07"]

1. d4 d5 2. c4 e6 3. Nf3 Be7 4. g3 Nf6 5. Bg2 O-O 6. O-O Nbd7 7. Nc3 c6 8. Qd3
dxc4 9. Qxc4 a5 10. Rd1 Ra6 11. e4 b5 12. Qe2 b4 13. Na4 Bb7 14. Bf4 Qa8 15. e5
Nd5 16. Bg5 Qd8 17. h4 h6 18. Bxe7 Qxe7 19. Rac1 Ra7 20. Nc5 Nxc5 21. Rxc5 Rd8
22. Nd2 Nb6 23. Nb3 Ba6 24. Qc2 Bb5 25. Bxc6 Bxc6 26. Rxc6 Nd5 27. Rc5 Rda8 28.
Nd2 a4 29. a3 Rb7 30. Rc8+ Rxc8 31. Qxc8+ Kh7 32. Qc2+ g6 33. Qxa4 Ra7 34. Qc2
bxa3 35. bxa3 Qxa3 36. h5 Qa4 37. hxg6+ fxg6 38. Qxa4 Rxa4 39. Ne4 g5 40. Nc5
Ra2 41. Nxe6 Kg6 42. Rc1 Kf5 43. Nc7 Ne7 44. d5 Kxe5 45. Re1+ Kd6 46. Ne8+ Kd7
47. Nf6+ Kd8 48. d6 1-0

[Event "III Open A"]
[Site "Omegna ITA"]
[Date "2015.08.09"]
[Round "4"]
[White "Vincenzi, Marco"]
[Black "Erdelyi, Tamas"]
[Result "1-0"]
[WhiteElo "2083"]
[BlackElo "2088"]
[PlyCount "111"]
[EventDate "2015.08.07"]

1. d4 Nf6 2. c4 c5 3. d5 b5 4. cxb5 a6 5. b6 d6 6. Nc3 Nbd7 7. a4 Qxb6 8. Nf3
g6 9. e4 Bg7 10. Be2 Qb4 11. Nd2 O-O 12. O-O Rb8 13. Nc4 Nb6 14. Nxb6 Qxb6 15.
a5 Qb3 16. Qd3 Ne8 17. Na4 Nc7 18. Nb6 Qxd3 19. Bxd3 f5 20. exf5 Bxf5 21. Ra3
Nb5 22. Bxb5 axb5 23. Re1 Rb7 24. Rb3 b4 25. Bg5 Bf6 26. Bxf6 Rxf6 27. Rbe3 Kf7
28. f3 e5 29. Nc4 g5 30. g3 Ra7 31. Kf2 Bc8 32. f4 gxf4 33. gxf4 Rxf4+ 34. Rf3
Rxf3+ 35. Kxf3 Ra6 36. Ke4 Bd7 37. Rf1+ Ke7 38. Rg1 Bb5 39. Ne3 Be8 40. Nc4
Bg6+ 41. Ke3 Kf6 42. h4 Bf7 43. Ke4 Bg6+ 44. Ke3 Bc2 45. Rf1+ Ke7 46. Rg1 Bg6
47. h5 Bxh5 48. Rg7+ Ke8 49. Rxh7 Bf7 50. Rh8+ Ke7 51. Ke4 Bg6+ 52. Kf3 Bf7 53.
Rh7 Kf6 54. Rh6+ Ke7 55. Ke4 Bg8 56. Nxe5 1-0

[Event "III Open A"]
[Site "Omegna ITA"]
[Date "2015.08.09"]
[Round "4"]
[White "Palozza, Christian"]
[Black "Cirabisi, Federico"]
[Result "1-0"]
[WhiteElo "2064"]
[BlackElo "1977"]
[PlyCount "89"]
[EventDate "2015.08.07"]

1. d4 d5 2. Nc3 f5 3. Bg5 Nf6 4. Bxf6 exf6 5. Qd3 c6 6. e3 Na6 7. Nge2 Bd7 8.
g3 Bd6 9. Bh3 g5 10. Bxf5 Nb4 11. Bxd7+ Qxd7 12. Qd2 O-O-O 13. a3 Na6 14. O-O-O
b5 15. b4 Nc7 16. Na2 Kb7 17. Kb2 Ra8 18. Ra1 Qf5 19. Nec1 a5 20. c3 a4 21. Nd3
Rae8 22. Nac1 Na8 23. Ka2 Nb6 24. Nb2 h5 25. h3 Qf3 26. Ncd3 Re7 27. Rae1 Rhe8
28. Qd1 Qf5 29. Qxh5 Nc4 30. Qg4 Qg6 31. Qd1 Bxg3 32. Nxc4 dxc4 33. Nc5+ Ka7
34. fxg3 Rxe3 35. Rxe3 Rxe3 36. Qd2 Qe8 37. Rh2 f5 38. Kb2 f4 39. gxf4 gxf4 40.
d5 cxd5 41. Qxd5 Re2+ 42. Rxe2 Qxe2+ 43. Kc1 Qe1+ 44. Kc2 Qe7 45. Qd7+ 1-0

[Event "III Open A"]
[Site "Omegna ITA"]
[Date "2015.08.09"]
[Round "4"]
[White "Bini, Massimo"]
[Black "Minerva, Enzo"]
[Result "1-0"]
[WhiteElo "2000"]
[BlackElo "1988"]
[PlyCount "61"]
[EventDate "2015.08.07"]

1. d4 c5 2. c3 cxd4 3. cxd4 d5 4. Nf3 Nf6 5. Nc3 Nc6 6. Qb3 Na5 7. Qd1 a6 8.
Ne5 Be6 9. e3 Nd7 10. Nxd7 Qxd7 11. Be2 g6 12. e4 Bg7 13. e5 h5 14. h3 Rc8 15.
O-O Nc4 16. f4 Bf5 17. Bf3 Be6 18. Na4 Bf5 19. b3 Nxe5 20. fxe5 Rc2 21. Nb6 Qb5
22. Nxd5 Kd7 23. Ne3 Rhc8 24. Nxc2 Rxc2 25. Rf2 Rxf2 26. Kxf2 f6 27. Be3 fxe5
28. dxe5+ Ke6 29. Bd4 Bh6 30. Be2 Qc6 31. Bc4+ 1-0

[Event "III Open A"]
[Site "Omegna ITA"]
[Date "2015.08.09"]
[Round "5"]
[White "Paleologu, Vladimir"]
[Black "Vezzosi, Paolo"]
[Result "1/2-1/2"]
[WhiteElo "2080"]
[BlackElo "2347"]
[PlyCount "112"]
[EventDate "2015.08.07"]

1. e4 c5 2. Nf3 Nc6 3. d4 cxd4 4. Nxd4 Qc7 5. Nc3 e6 6. g3 a6 7. Bg2 Nf6 8. O-O
Be7 9. h3 d6 10. Be3 Bd7 11. Nde2 Na5 12. Nf4 Nc4 13. Bc1 Rc8 14. b3 Ne5 15.
Bb2 b5 16. Nd3 O-O 17. Qd2 Qb6 18. Ne2 Nc6 19. Rac1 Rfd8 20. c4 bxc4 21. Rxc4
d5 22. exd5 exd5 23. Rcc1 Ne4 24. Qd1 Bg5 25. Rc2 Ne7 26. Ne5 Bb5 27. Bd4 Qd6
28. Re1 Rxc2 29. Qxc2 Rc8 30. Qb2 Nf5 31. Nf3 Be7 32. Be5 Qa3 33. Qxa3 Bxa3 34.
Ned4 Nxd4 35. Nxd4 Bd3 36. Rd1 Rc1 37. Rxc1 Bxc1 38. Nf5 f6 39. Bd4 Kf7 40. Bf1
Bxf1 41. Kxf1 g6 42. Ne3 Ke6 43. Ke2 Ba3 44. Nc2 Bd6 45. Ke3 h5 46. Kf3 f5 47.
h4 f4 48. g4 Be7 49. gxh5 gxh5 50. Kxf4 Bxh4 51. Kf3 Be7 52. b4 Nd2+ 53. Kf4
Ne4 54. a4 Bg5+ 55. Kf3 Nd2+ 56. Ke2 Nc4 1/2-1/2

[Event "III Open A"]
[Site "Omegna ITA"]
[Date "2015.08.09"]
[Round "5"]
[White "Cereda, Loris"]
[Black "Boschetti, Claudio"]
[Result "1/2-1/2"]
[WhiteElo "2225"]
[BlackElo "2140"]
[PlyCount "37"]
[EventDate "2015.08.07"]

1. e4 e5 2. Nf3 Nc6 3. Bc4 Nf6 4. d3 Bc5 5. c3 d6 6. Bb3 a6 7. Nbd2 O-O 8. Nf1
d5 9. Qe2 dxe4 10. dxe4 Ng4 11. Ne3 Nxe3 12. Bxe3 Bxe3 13. Qxe3 Qe7 14. O-O Na5
15. Rad1 Nxb3 16. axb3 Bg4 17. Rd2 Bxf3 18. Qxf3 Rfd8 19. Rfd1 1/2-1/2

[Event "III Open A"]
[Site "Omegna ITA"]
[Date "2015.08.09"]
[Round "5"]
[White "Bardone, Lorenzo"]
[Black "Medici, Simone"]
[Result "1-0"]
[WhiteElo "2192"]
[BlackElo "2111"]
[PlyCount "83"]
[EventDate "2015.08.07"]

1. e4 c6 2. d4 d5 3. exd5 cxd5 4. Bf4 Nc6 5. c3 Bf5 6. Nf3 e6 7. Qb3 Qc8 8.
Nbd2 Be7 9. Be2 h6 10. O-O Nf6 11. Ne5 O-O 12. Ndf3 Ne4 13. Nxc6 bxc6 14. Qa4
Qb7 15. Qa6 Qxb2 16. Rab1 Qxc3 17. Rb3 Qc2 18. Rc1 Nc5 19. dxc5 Qe4 20. Be3
Rfc8 21. Bd3 Qg4 22. Bxf5 exf5 23. h3 Qe4 24. Qd3 f4 25. Bd4 Qe6 26. Re1 Qd7
27. Qc3 f6 28. Nh4 Re8 29. Ng6 Qc7 30. Qd2 Bf8 31. Rxe8 Rxe8 32. Nxf4 Re4 33.
g3 Re8 34. Re3 Rb8 35. Qe1 Qd7 36. Kg2 Kf7 37. Qe2 a5 38. Qh5+ Kg8 39. Qg6 Kh8
40. Nh5 a4 41. Rf3 Ra8 42. Rxf6 1-0

[Event "III Open A"]
[Site "Omegna ITA"]
[Date "2015.08.09"]
[Round "5"]
[White "Vincenzi, Marco"]
[Black "Formento, Paolo"]
[Result "0-1"]
[WhiteElo "2083"]
[BlackElo "2214"]
[PlyCount "62"]
[EventDate "2015.08.07"]

1. d4 Nf6 2. c4 e6 3. Nf3 c5 4. d5 exd5 5. cxd5 d6 6. Nc3 g6 7. g3 Bg7 8. Bg2
O-O 9. O-O a6 10. a4 Re8 11. Nd2 Nbd7 12. h3 Nh5 13. Nc4 Ne5 14. Nxe5 Bxe5 15.
Kh2 f5 16. f4 Bg7 17. e4 Nf6 18. e5 dxe5 19. fxe5 Rxe5 20. Bf4 Re8 21. d6 Nh5
22. Qd5+ Be6 23. Qxc5 Rc8 24. Qf2 Nxf4 25. gxf4 Qxd6 26. Bxb7 Rc4 27. Rad1 Qc7
28. Bf3 Rxf4 29. Kh1 Bxc3 30. bxc3 Rxa4 31. Rg1 Bf7 0-1

[Event "III Open A"]
[Site "Omegna ITA"]
[Date "2015.08.09"]
[Round "5"]
[White "Finocchiaro, Gianluca"]
[Black "Migliorini, Matteo"]
[Result "1/2-1/2"]
[WhiteElo "2017"]
[BlackElo "2183"]
[PlyCount "68"]
[EventDate "2015.08.07"]

1. d4 Nf6 2. Nc3 d5 3. Bg5 Ne4 4. Nxe4 dxe4 5. Qd2 g6 6. O-O-O Qd5 7. Kb1 Nc6
8. h4 Bg7 9. e3 Bf5 10. Ne2 O-O-O 11. Nc3 Qa5 12. Bb5 h6 13. Bxc6 hxg5 14. Bxe4
gxh4 15. Qe2 Bxe4 16. Nxe4 e5 17. Qg4+ Kb8 18. Rxh4 exd4 19. Rxh8 Rxh8 20. exd4
f5 21. Qg5 Bxd4 22. c3 Qa4 23. b3 Qe8 24. Rxd4 fxe4 25. Qe3 b6 26. Rxe4 Qd7 27.
Qd4 Rh1+ 28. Kb2 Qf7 29. f4 Rf1 30. Qd8+ Kb7 31. Re8 Qf5 32. Qa8+ Ka6 33. Re4
Rf2+ 34. Ka1 Rf1+ 1/2-1/2

[Event "III Open A"]
[Site "Omegna ITA"]
[Date "2015.08.09"]
[Round "5"]
[White "Siclari, Giovanni"]
[Black "Palozza, Christian"]
[Result "1-0"]
[WhiteElo "2090"]
[BlackElo "2064"]
[PlyCount "97"]
[EventDate "2015.08.07"]

1. Nf3 d5 2. d4 c6 3. c4 e6 4. Qc2 f5 5. Bf4 Nf6 6. e3 Bd6 7. Nc3 O-O 8. Bxd6
Qxd6 9. Bd3 Ne4 10. c5 Qe7 11. Ne5 Nd7 12. Nxd7 Bxd7 13. O-O e5 14. Ne2 g6 15.
dxe5 Qxe5 16. f4 Qe7 17. Bxe4 fxe4 18. Nd4 g5 19. fxg5 Qxg5 20. Qd2 Rae8 21.
Rxf8+ Rxf8 22. Rf1 Rxf1+ 23. Kxf1 Qe7 24. Qa5 a6 25. Qc7 Qf7+ 26. Kg1 Bg4 27.
Qg3 Qg7 28. Qb8+ Qf8 29. Qxb7 Qxc5 30. Qxc6 Qa5 31. Qe8+ Kg7 32. Qe7+ Kg6 33.
b4 Qa3 34. Qd6+ Kg7 35. Kf2 Qxa2+ 36. Kg3 h5 37. Qc7+ Kg6 38. Qc6+ Kg7 39. Qc3
Kf8 40. h3 Bd7 41. Qc7 Bb5 42. Qd6+ Kf7 43. Qe6+ Kf8 44. Nf5 Qb2 45. Qe7+ Kg8
46. Nh6+ Kh8 47. Nf7+ Kh7 48. Ne5+ Kh6 49. Qf6+ 1-0